Моделирование процесса гидрокрекинга вакуумного газойля; Химия и химическая технология в XXI веке

Dades bibliogràfiques
Parent link:Химия и химическая технология в XXI веке.— 2018.— [С. 348-349]
Autor principal: Бедарева Е. К.
Autor corporatiu: Национальный исследовательский Томский политехнический университет Управление проректора по научной работе и инновациям Информационно-аналитический отдел
Altres autors: Белинская Н. С. Наталия Сергеевна (научный руководитель)
Sumari:Заглавие с экрана
Idioma:rus
Publicat: 2018
Col·lecció:Технология и моделирование процессов подготовки и переработки углеводородного сырья
Matèries:
Accés en línia:http://earchive.tpu.ru/handle/11683/49803
Format: MixedMaterials Electrònic Capítol de llibre
KOHA link:https://koha.lib.tpu.ru/cgi-bin/koha/opac-detail.pl?biblionumber=626956

MARC

LEADER 00000naa2a2200000 4500
001 626956
005 20231101133434.0
035 |a (RuTPU)RU\TPU\conf\26635 
035 |a RU\TPU\conf\26632 
090 |a 626956 
100 |a 20180809d2018 k y0rusy50 ca 
101 0 |a rus 
102 |a RU 
105 |a y z 101zy 
135 |a drgn ---uucaa 
181 0 |a i  
182 0 |a b 
200 1 |a Моделирование процесса гидрокрекинга вакуумного газойля  |f Е. К. Бедарева  |g науч. рук. Н. С. Белинская 
203 |a Текст  |c электронный 
225 1 |a Технология и моделирование процессов подготовки и переработки углеводородного сырья 
230 |a 1 компьютерный файл (pdf; 696 Kb) 
300 |a Заглавие с экрана 
320 |a [Библиогр.: с. 349 (3 назв.)] 
463 0 |0 (RuTPU)RU\TPU\conf\26227  |t Химия и химическая технология в XXI веке  |o материалы XIX Международной научно-практической конференции студентов и молодых ученых имени профессора Л. П. Кулёва, 21-24 мая 2018 г., г. Томск  |f Национальный исследовательский Томский политехнический университет  |v [С. 348-349]  |d 2018 
610 1 |a электронный ресурс 
610 1 |a труды учёных ТПУ 
610 1 |a моделирование процесса 
610 1 |a гидрокрекинг 
610 1 |a математическое моделирование 
610 1 |a нефтяные фракции 
610 1 |a углеводороды 
610 1 |a нефтепереработка 
610 1 |a вакуумные газойли 
700 1 |a Бедарева  |b Е. К. 
702 1 |a Белинская  |b Н. С.  |c химик  |c инженер Томского политехнического университета  |f 1989-  |g Наталия Сергеевна  |2 stltpush  |4 727 
712 0 2 |a Национальный исследовательский Томский политехнический университет  |b Управление проректора по научной работе и инновациям  |b Информационно-аналитический отдел  |h 7410  |2 stltpush  |3 (RuTPU)RU\TPU\col\23557 
801 2 |a RU  |b 63413507  |c 20180821  |g RCR 
856 4 |u http://earchive.tpu.ru/handle/11683/49803 
942 |c BK